| 000 | 00762nam a22002417a 4500 | ||
|---|---|---|---|
| 005 | 20110922105348.0 | ||
| 008 | 110922t xxu||||| |||| 00| 0 eng d | ||
| 010 | _aENG-103746 | ||
| 020 |
_c30.00 _a9788189524609 |
||
| 035 | _aEN-87279 | ||
| 037 | _bDBAD/PUB | ||
| 040 |
_aDPL _bEng |
||
| 082 | _a080 | ||
| 100 |
_934730 _aAmbedkar, B.R. |
||
| 245 |
_aSpeeches at round table conference / _cby B.R. Ambedkar |
||
| 260 |
_aNew Delhi _bCritical Quest _c2011 |
||
| 270 |
_a420, G-Block, Phase VI, Aya Nagar _bNew Delhi _e110047 |
||
| 300 |
_a40p. _c22cm (pbk) |
||
| 650 | _934754 | ||
| 700 | _934731 | ||
| 942 |
_2ddc _cEN _mAMB _h080 |
||
| 999 |
_c56833 _d56833 |
||